<?xml version="1.0" encoding="UTF-8"?>
<collection xmlns:xsi="http://www.w3.org/2001/XMLSchema-instance" xsi:schemaLocation="http://www.loc.gov/MARC21/slim http://www.loc.gov/standards/marcxml/schema/MARC21slim.xsd" xmlns="http://www.loc.gov/MARC21/slim">
 <record>
  <leader>00000cam a22000004i 4500</leader>
  <controlfield tag="001">UP-1685594773861434496</controlfield>
  <controlfield tag="003">Buklod</controlfield>
  <controlfield tag="005">20070906152151.0</controlfield>
  <controlfield tag="006">j|||||||||||||| | </controlfield>
  <controlfield tag="007">s| |||||||||||</controlfield>
  <controlfield tag="008">060801s1969    xx a    rb   |001 0|eng||</controlfield>
  <datafield tag="035" ind1=" " ind2=" ">
   <subfield code="a">(iLib)UPBAG-00000025139</subfield>
  </datafield>
  <datafield tag="040" ind1=" " ind2=" ">
   <subfield code="a">DML</subfield>
   <subfield code="d">BAG</subfield>
   <subfield code="e">rda</subfield>
  </datafield>
  <datafield tag="041" ind1="0" ind2=" ">
   <subfield code="a">eng</subfield>
  </datafield>
  <datafield tag="090" ind1=" " ind2=" ">
   <subfield code="a">DS 668</subfield>
   <subfield code="b">A399 1969</subfield>
  </datafield>
  <datafield tag="100" ind1="1" ind2=" ">
   <subfield code="a">Alip, Eufronio Melo</subfield>
   <subfield code="d">1904-1976</subfield>
   <subfield code="e">author.</subfield>
  </datafield>
  <datafield tag="245" ind1="1" ind2="0">
   <subfield code="a">Philippine history</subfield>
   <subfield code="b">political, social, economic : based on the course of study of the Bureau of Public Schools</subfield>
   <subfield code="c">by Eufronio M. Alip.</subfield>
  </datafield>
  <datafield tag="250" ind1=" " ind2=" ">
   <subfield code="a">Ninth revised edition.</subfield>
  </datafield>
  <datafield tag="264" ind1=" " ind2="1">
   <subfield code="a">Manila</subfield>
   <subfield code="b">Alip &amp; Sons, Inc.</subfield>
   <subfield code="c">c1969.</subfield>
  </datafield>
  <datafield tag="300" ind1=" " ind2=" ">
   <subfield code="a">xv, 493 pages</subfield>
   <subfield code="b">illustrations</subfield>
   <subfield code="c">23 cm</subfield>
  </datafield>
  <datafield tag="504" ind1=" " ind2=" ">
   <subfield code="a">Includes bibliographical references and index.</subfield>
  </datafield>
  <datafield tag="505" ind1="0" ind2=" ">
   <subfield code="a">Our national resources -- The natural resources of the Philippines -- The Filipinos as a people-a survey of their native ways and culture -- The Filipino people -- Manners, customs, and religious beliefs of the early Filipinos -- Foreign influences on Philippine life -- Our educational progress -- The rediscovery and conquest of the Philippines -- The rediscovery of the Philippines -- Exploration, conquest, and pacification -- Defending and extending the colony -- Our economic development and progress -- Our agricultural development -- Our progress in commerce and trade -- Our industrial and labor progress -- The development of Philippine government -- Governments during the pre-Spanish period, the Spanish period, and the first Philippine republic -- The American military and civil governments -- The Philippine commonwealth and the Philippine republic -- Our struggles for independence -- Filipino revolts of the sixteenth, seventeenth, and eighteenth centuries -- The British occupation and the Filipino revolts -- Filipino political and religious struggles in the nineteenth century -- The propaganda movement and the grant of reforms -- The revolution against Spain: first epoch (1896-1897) -- The Spanish-Filipino-American war (1898-1901) -- The attainment of independence -- The Philippines at war with Japan -- The Philippines today -- Appendices -- Spanish governors -- American governors -- United States high commisioners -- Residents of the Philippines -- Index.</subfield>
  </datafield>
  <datafield tag="651" ind1=" " ind2="0">
   <subfield code="a">Philippines</subfield>
   <subfield code="x">History.</subfield>
  </datafield>
  <datafield tag="905" ind1=" " ind2=" ">
   <subfield code="a">FI</subfield>
  </datafield>
  <datafield tag="852" ind1="0" ind2=" ">
   <subfield code="a">UPBAG</subfield>
   <subfield code="b">UPBAG-MAIN</subfield>
   <subfield code="h">DS 668 A399 1969</subfield>
  </datafield>
  <datafield tag="942" ind1=" " ind2=" ">
   <subfield code="a">Book</subfield>
  </datafield>
 </record>
</collection>
